000 00527nam a2200181Ia 4500
005 20250326123909.0
008 250326s9999 xx 000 0 und d
037 _aTextbook
040 _aFMSL
_beng
_cFMSL
041 _aeng
_2eng
084 _aS4(X8) L1;13
_qFMSL
100 _aGilmer B Von H
_9736151
245 0 _aIndustrial and organizational psychology
_cGilmer B Von H
260 _aNew Delhi
_bNew Delhi, McGraw-Hill
_c1971
300 _a682p
942 _cTB
_hS4(X8) L1;13
999 _c1271385
_d1271385